Potsdam Stadtteile - Statistiken

Allgemein
  • Dieses Quiz wurde 72 mal gespielt
  • Das Durchschnittsergebnis liegt bei 15 aus 32
Antworten auf der Karte
Die Antworten werden auf der Karte rot bzw. grün angezeigt, abhängig davon wie oft sie richtig erraten wurden.
 
Antwortstatistiken
Group Stadtteil % Korrekt
Potsdam Nord Bornstedt
81%
Potsdam Nord Bornim
77%
Potsdam Nord Golm
72%
Nördliche Ortsteile Fahrland
70%
Potsdam Südost Stern
65%
Potsdam Süd Waldstadt II
65%
Potsdam Süd Waldstadt I und Industriegelände
65%
Babelsberg Babelsberg Nord
63%
Potsdam Südost Drewitz
63%
Innenstadt Historische Innenstadt
63%
Westliche Vorstädte Potsdam West
63%
Potsdam Süd Schlaatz
63%
Nördliche Vorstädte Berliner Vorstadt
60%
Potsdam Nord Eiche
60%
Babelsberg Babelsberg Süd
58%
Potsdam Südost Kirchsteigfeld
51%
Nördliche Ortsteile Groß Glienicke
40%
Nördliche Ortsteile Marquardt
40%
Nördliche Vorstädte Nauener Vorstadt
40%
Westliche Vorstädte Brandenburger Vorstadt
35%
Nördliche Ortsteile Neu Fahrland
35%
Nördliche Ortsteile Satzkorn
35%
Potsdam Süd Templiner Vorstadt
35%
Innenstadt Zentrum Ost und Nuthepark
33%
Babelsberg Klein Glienicke
30%
Potsdam Süd Teltower Vorstadt
30%
Nördliche Vorstädte Jägervorstadt
26%
Potsdam Nord Grube
23%
Potsdam Nord Nedlitz
16%
Potsdam Nord Sacrow
16%
Nördliche Ortsteile Uetz-Paaren
14%
Innenstadt Hauptbahnhof und Brauhausberg Nord
2%
Keine übereinstimmenden Quizze gefunden
Verteilung der Resultate
Anzahl Personen mit jedem Resultat
Perzentil nach korrekt beantworteten Fragen
Ihre Resultats-Entwicklung
Sie haben dieses Quiz noch nicht gespielt